Latviešu músdienu dekoratívie audumi /
Uložené v:
| Ďalší autori: | |
|---|---|
| Médium: | Kniha |
| Jazyk: | English Latvian German Russian |
| Vydané: |
Riga :
Liesma,
1975.
|
| Vydanie: | 1. izd. |
| ISBN: |
(viaz.) |
| Fyzický popis: |
[26] s. : 105 far. ob. |
| Tagy: |
Pridať tag
Žiadne tagy, Buďte prvý kto otaguje tento záznam!
|
Titul je dostupný aj v ... 

MARC
| LEADER | 00000nam a2200000 a 4500 | ||
|---|---|---|---|
| 001 | 000124621 | ||
| 005 | 20091021091329.0 | ||
| 008 | 041115s1975 lv eng d | ||
| 020 | |a (viaz.) | ||
| 040 | |a SVKKK |b slo |c SVKKK |e AACR2 | ||
| 041 | 0 | |a eng |a lav |a ger |a rus | |
| 044 | |a lv |c LV | ||
| 245 | 0 | 0 | |a Latviešu músdienu dekoratívie audumi / |c zost. Gundega Aleksandra Ivanova. |
| 250 | |a 1. izd. | ||
| 260 | |a Riga : |b Liesma, |c 1975. | ||
| 300 | |a [26] s. : |b 105 far. ob. | ||
| 700 | 1 | |a Ivanova, Gundega Aleksandrovna |4 com | |
| 910 | |a svkkk | ||
| 998 | |a BK | ||
| 090 | |g SCKHL |k Sklad Pribinova 2. posch. |a II.232961 |j 563395 |i 124621-10 |s Absenčne | ||